000 007590000a22002170004500
090 _aAR
_b03440
245 1 0 _aImmature development and colony growth of crazy ant Paratrechina fulva under laboratory conditions (Hymenoptera: Formicidae)
650 1 4 _aEntomología
_94483
650 1 4 _aHormigas
_992499
650 1 4 _aBiología
_992
650 1 4 _aSociobiología
_997043
650 1 4 _aDesarrollo animal
_994820
651 4 _lHacienda San Antonio
_mBuga
_dValle del Cauca
_pColombia
_992749
653 _gParatrechina
_eParatrechina fulva
041 0 _aInglés
700 1 _aGómez, Luis Antonio
_997044
700 1 _aUlloa Chacón, Patricia
_996141
100 1 _aArcila, Angela María
_94984
942 _cARTICULO
773 1 _tSociobiology
_h2
_q307-321
_d2002
_g39
999 _c12491
_d12491